Catálogo

Vista normal Vista MARC

Entrada Personal Name

Número de registros utilizados en: 2

001 - CONTROL NUMBER

  • control field: 8096

003 - CONTROL NUMBER IDENTIFIER

  • control field: DLC

005 - DATE AND TIME OF LATEST TRANSACTION

  • control field: 20220510090514.0

008 - FIXED-LENGTH DATA ELEMENTS

  • fixed length control field: 800730n| azannaabn |a aaa

010 ## - LIBRARY OF CONGRESS CONTROL NUMBER

  • LC control number: n 50039995

035 ## - SYSTEM CONTROL NUMBER

  • System control number: (OCoLC)oca00075203

035 ## - SYSTEM CONTROL NUMBER

  • System control number: (Uk)000161041

035 ## - SYSTEM CONTROL NUMBER

  • System control number: (CaEvSKY)skya1161377

040 ## - CATALOGING SOURCE

  • Original cataloging agency: DLC
  • Language of cataloging: spa
  • Description conventions: rda
  • Transcribing agency: Mx-PuUPA
  • Modifying agency: DLC
  • Modifying agency: ICU
  • Modifying agency: OCoLC
  • Modifying agency: Uk
  • Modifying agency: MX-MrUMS
  • Modifying agency: Mx-PuUPA

046 ## - SPECIAL CODED DATES

  • Birth date: 1904
  • Death date: 1965

100 1# - HEADING--PERSONAL NAME

  • Personal name: Lange, Oskar,
  • Dates associated with a name: 1904-1965

373 ## - ASSOCIATED GROUP

  • Associated group: Polska Akademia Nauk
  • Associated group: Universidad de Chicago
  • Associated group: Universidad de Varsovia
  • Associated group: Naciones Unidas. Comisión Económica para Europa
  • Source of term: naf

374 ## - OCCUPATION

  • Occupation: Profesor universitario
  • Occupation: Ejecutivo
  • Source of term: lcsh

375 ## - GENDER

  • Gender: hombre

377 ## - ASSOCIATED LANGUAGE

  • Language code: eng
  • Language code: spa

400 1# - SEE FROM TRACING--PERSONAL NAME

  • Personal name: Lange, Oscar,
  • Dates associated with a name: 1904-1965

400 1# - SEE FROM TRACING--PERSONAL NAME

  • Control subfield: nnaa
  • Personal name: Lange, Oscar Richard,
  • Dates associated with a name: 1904-1965

400 1# - SEE FROM TRACING--PERSONAL NAME

  • Personal name: Lan-ko, Ao-ssu-kʻa,
  • Dates associated with a name: 1904-1965

400 1# - SEE FROM TRACING--PERSONAL NAME

  • Personal name: לאנגע, אסקאר

670 ## - SOURCE DATA FOUND

  • Source citation: Twórczość naukowa Oskara Langego na tle jego epoki i nauki współczesnej, 1985:
  • Information found: t.p. (Oskara Langego)

670 ## - SOURCE DATA FOUND

  • Source citation: LC data base, 12-11-85
  • Information found: (hdg.: Lange, Oscar Richard, 1904-1965; usage: Oskar Lange, Oscar Lange)

670 ## - SOURCE DATA FOUND

  • Source citation: Enc. Pow. PWN
  • Information found: (Lange, Oskar, 1904-1965)

670 ## - SOURCE DATA FOUND

  • Source citation: His She hui chu i ching chi li lun, 1981:
  • Information found: t.p. (Ao-ssu-kʻa·Lan-ko)

670 ## - SOURCE DATA FOUND

  • Source citation: BL database 22 May 2009:
  • Information found: (hdg.: Lange, Oskar Ryszard)

670 ## - SOURCE DATA FOUND

  • Source citation: Economía política I problemas generales, 1966:
  • Information found: title page (Oskar Lange) page 4 of cover (Oskar Lange. Se distinguio desde su juventud por si incansable actividad y su luciidez científica. Formó parte de la Academia de Ciencias de Polonia, fue profesor en las Universidades de Chicago y Varsovia y presidente de la Comisión Económica de las Naciones Unidas para Europa)

670 ## - SOURCE DATA FOUND

  • Source citation: Biblioteca del congreso (Estados Unidos), 17 septiembre 2018:
  • Information found: catálogo electrónico
  • Uniform Resource Identifier: https://goo.gl/3KZVF2